Countries With the Most Military Aircraft 2026 - Statistics

General Stats
  • This quiz has been taken 29 times
    3 since last reset
  • The average score is 7 of 142
Answer Stats
# of Military Aircraft Region Country % Correct
13,032 North America USA
100%
3,529 Eastern Asia China
50%
1,088 Northern Africa Egypt
50%
974 Western Europe France
50%
2,183 Southern Asia India
50%
714 Southern Europe Italy
50%
1,429 Eastern Asia Japan
50%
1,397 Southern Asia Pakistan
50%
4,237 Eurasia Russia
50%
917 Middle East Saudi Arabia
50%
1,540 Eastern Asia South Korea
50%
720 Eastern Asia Taiwan
50%
625 Northern Europe United Kingdom
50%
5 Middle East Afganistan
0%
20 Balkan Peninsula Albania
0%
620 Northern Africa Algeria
0%
278 Central Africa Angola
0%
241 South America Argentina
0%
69 Caucasus Armenia
0%
348 Oceania Australia
0%
90 Central Europe Austria
0%
159 Caucasus Azerbaijan
0%
137 Middle East Bahrain
0%
212 Southern Asia Bangladesh
0%
194 Eastern Europe Belarus
0%
104 Western Europe Belgium
0%
3 Central America Belize
0%
7 Western Africa Benin
0%
2 Southern Asia Bhutan
0%
67 South America Bolivia
0%
15 Balkan Peninsula Bosnia and Herzegovnia
0%
45 Southern Africa Botswana
0%
495 South America Brazil
0%
71 Balkan Peninsula Bulgaria
0%
26 Western Africa Burkina Faso
0%
24 Southeast Asia Cambodia
0%
35 Central Africa Cameroon
0%
354 North America Canada
0%
8 Central Africa Central African Republic
0%
40 Central Africa Chad
0%
274 South America Chile
0%
430 South America Colombia
0%
67 Balkan Peninsula Croatia
0%
20 Carribean Cuba
0%
103 Central Europe Czechia
0%
46 Central Africa Democratic Republic of the Congo
0%
122 Northern Europe Denmark
0%
80 Caribbean Dominican Republic
0%
99 South America Ecuador
0%
51 Central America El Salvador
0%
20 Eastern Africa Eritrea
0%
2 Baltic States Estonia
0%
104 Eastern Africa Ethiopia
0%
162 Northern Europe Finland
0%
25 Central Africa Gabon
0%
61 Caucasus Georgia
0%
569 Central Europe Germany
0%
18 Western Africa Ghana
0%
560 Balkan Peninsula Greece
0%
35 Central America Guatemala
0%
45 Central America Honduras
0%
80 Central Europe Hungary
0%
460 Southeast Asia Indonesia
0%
551 Middle East Iran
0%
360 Middle East Iraq
0%
23 Northern Europe Ireland
0%
597 Middle East Israel
0%
22 Western Africa Ivory Coast
0%
279 Middle East Jordan
0%
168 Central Asia Kazakhstan
0%
154 Eastern Africa Kenya
0%
133 Middle East Kuwait
0%
7 Central Asia Kyrgyzstan
0%
29 Southeast Asia Laos
0%
3 Baltic States Latvia
0%
80 Middle East Lebanon
0%
83 Northern Africa Libya
0%
9 Baltic States Lithuania
0%
1 Western Europe Luxembourg
0%
6 Eastern Africa Madagascar
0%
132 Southeast Asia Malaysia
0%
44 Western Africa Mali
0%
23 Western Africa Mauritania
0%
424 Central America Mexico
0%
3 Eastern Europe Moldova
0%
8 Eastern Asia Mongolia
0%
10 Balkan Peninsula Montenegro
0%
271 Northern Africa Morocco
0%
23 Eastern Africa Mozambique
0%
331 Southeast Asia Myanmar
0%
36 Southern Africa Namibia
0%
17 Southern Asia Nepal
0%
130 Western Europe Netherlands
0%
47 Oceania New Zealand
0%
17 Central America Nicaragua
0%
26 Western Africa Niger
0%
159 Western Africa Nigeria
0%
837 Eastern Ais North Korea
0%
20 Balkan Peninsula North Macedonia
0%
109 Scandinavia Norway
0%
128 Middle East Oman
0%
38 Central America Panama
0%
49 South America Paraguay
0%
252 South America Peru
0%
204 Eastern Asia Philippines
0%
457 Eastern Europe Poland
0%
128 Western Europe Portugal
0%
263 Middle East Qatar
0%
14 Central Africa Republic of the Congo
0%
148 Balkan Peninsula Romania
0%
39 Western Africa Senegal
0%
115 Balkan Peninsula Serbia
0%
1 Western Africa Sierra Leone
0%
235 Southeast Asia Singapore
0%
48 Central Europe Slovakia
0%
40 Central Europe Slovenia
0%
6 Eastern Africa Somalia
0%
181 Southern Africa South Africa
0%
19 Eastern Africa South Sudan
0%
440 Western Europe Spain
0%
90 Southern Asia Sri Lanka
0%
183 Northern Africa Sudan
0%
3 South America Suriname
0%
172 Scandinavia Sweden
0%
141 Central Europe Switzerland
0%
104 Middle East Syria
0%
25 Central Asia Tajikistan
0%
38 East Africa Tanzania
0%
496 Southeast Asia Thailand
0%
155 Northern Africa Tunisia
0%
1,101 Middle East Turkey
0%
91 Central Asia Turkmenistan
0%
51 Eastern Africa Uganda
0%
347 Eastern Europe Ukraine
0%
581 Middle East United Arab Emirates
0%
43 South America Uruguay
0%
159 Central Asia Uzbekistan
0%
224 South America Venezuela
0%
265 Southeast Asia Vietnam
0%
160 Middle East Yemen
0%
78 Southern Africa Zambia
0%
80 Southern Africa Zimbabwe
0%
No matching quizzes found
Score Distribution
Percent of People with Each Score
Percentile by Number Answered
Your Score History
You have not taken this quiz since the last reset